000 00386nam a2200145 i 4500
001 bg
100 1 _aBEHR, Barbara
245 0 _aAdsorpcja na elektrodzie rtęciowej z mieszanych rozpuszczalników wodno-organicznych /
_cBarbara Behr.
260 _aWarszawa,
_c1976.
040 _cBPK
041 _apol
080 _a541.1
942 _cKS
008 s pl f |000 0 pol
999 _c27356
_d27356
856 _uhttp://koha.tu.koszalin.pl/cgi-bin/koha/opac-detail.pl?biblionumber=27356
_yKatalog online BPK